000 00177nam a22000977a 4500
003 SGT
245 _aBJA EDUCATION
260 _aUK
_bRCOA
_c2017
300 _a408
942 _2ddc
_cBV
999 _c24390
_d24390